000 00551nam a2200193Ia 4500
005 20260114185617.0
008 008 260114s9999 xx 000 0 eng d
020 _a9798400641954
037 _aEBOOK
040 _aCRL
_beng
_cCRL
041 _aeng
_2eng
084 _qCRL
100 _aK. David Goss
_9872194
245 0 _aDocuments of the Salem Witch Trials
260 _bBloomsbury
_c2018
856 _uhttps://doi.org/10.5040/9798400641954?locatt=label:secondary_bloomsburyCollections
942 _cEBOOK
999 _c1471142
_d1471142